00350nam a2200157Ia 4500008004100000082001000041100001700051245001700068250000600085260002500091300000800116600001700124630001700141700001700158730001700175090124s9999 xx 000 0 und d b34594 aRAJWADE A.V. aWORLD MONEY  a1 bNSB PUBLISHERSc1990 a278 aRAJWADE A.V. aWORLD MONEY  aRAJWADE A.V. aWORLD MONEY